Statistiques concernant Les séries par personnages secondaires #1

Cliquez ici pour prendre le quiz!

Statistiques générales

  • Ce quiz a été pris 46 fois
  • Le résultat moyen est 6 sur 16

Statistiques - réponses

Réponse% Correct
Friends
79%
Malcolm
60%
Game of Thrones
55%
Breaking Bad
50%
The Office
50%
Les Frères Scott
48%
Brooklyn Nine-Nine
43%
Gossip Girl
43%
Vampire Diaries
40%
Big Bang Theory
36%
Orange Is the New Black
31%
The Good Place
29%
Modern Family
24%
Shameless
17%
House of Cards
14%
Dr House
12%

Distribution des résultats

Percentile par nombre de réponses

% des personnes avec chaque résultat

Votre développement - résultats

Vous n’avez pas pris ce quiz